2008 (Record no. 79648)

MARC details
000 -LEADER
fixed length control field 01300cab a22002655a 4500
001 - CONTROL NUMBER
control field L141893
008 - FIXED-LENGTH DATA ELEMENTS--GENERAL INFORMATION
fixed length control field 080109e20080104xxk f 000 0 eng d
035 ## - SYSTEM CONTROL NUMBER
System control number (Sirsi) u141893
041 0# - LANGUAGE CODE
Language code of text/sound track or separate title eng
100 1# - MAIN ENTRY--PERSONAL NAME
Personal name Miller, Charles
245 00 - TITLE STATEMENT
Title 2008
Remainder of title the year ahead
260 ## - PUBLICATION, DISTRIBUTION, ETC.
Date of publication, distribution, etc. 2008
490 ## - SERIES STATEMENT
Series statement Property Week
Volume/sequential designation 73(1) 4 January 2008, 20-23(4)
520 ## - SUMMARY, ETC.
Summary, etc. Analysis and opinion article considers the prospects for 2008. In retail, fourteen large shopping centres are due to open and the weakening market should provide greater opportunity for retailers in the US and Europe. Supermarkets should also profit, but furniture and DIY stores may be hit. Predicts slow growth in the office sector in regional cities, with London under pressure outside the West End. The green agenda will be all-important. Empty rates liability will have a devastating impact on the industrial market in April, with speculative development falling. Investors are only expected to be interested by real bargains.
590 ## - LOCAL NOTE (RLIN)
Local note KA
650 24 - SUBJECT ADDED ENTRY--TOPICAL TERM
Topical term or geographic name entry element RATING (EMPTY PROPERTIES) ACT 2007
651 #4 - SUBJECT ADDED ENTRY--GEOGRAPHIC NAME
Geographic name United Kingdom
Chronological subdivision
690 ## - LOCAL SUBJECT ADDED ENTRY--TOPICAL TERM (OCLC, RLIN)
Topical term or geographic name as entry element PROPERTY-PROPERTY MARKET
700 1# - ADDED ENTRY--PERSONAL NAME
Personal name Taylor, Mike
700 1# - ADDED ENTRY--PERSONAL NAME
Personal name Brooks, David
700 1# - ADDED ENTRY--PERSONAL NAME
Personal name Richards, Jeremy
700 1# - ADDED ENTRY--PERSONAL NAME
Personal name Barnes, Andrew
700 1# - ADDED ENTRY--PERSONAL NAME
Personal name Pritchard, Neville
942 ## - ADDED ENTRY ELEMENTS (KOHA)
Suppress in OPAC 0
Holdings
Withdrawn status Lost status Source of classification or shelving scheme Damaged status Not for loan Home library Current library Shelving location Date acquired Total Checkouts Full call number Barcode Date last seen Copy number Price effective from Koha item type
    Dewey Decimal Classification     London London Journal article 09/01/2008   L141893 141893-1001 06/08/2019 1 06/08/2019 Journal article